=LDR 00000nam 2200000 4500 =001 INLIS000000000054967 =005 20200305082701 =035 ##$$a 0010-0320000074 =007 ta =008 200305###########################0#ind## =020 ##$$a 978-602-6479-08-2 =082 ##$$a 363.8 =084 ##$$a 363.8 Yet p =245 1#$$a Proses asuhan gizi terstandar komunitas /$c Yetti Wira Citerawati SY, S.Pd., S.Gz., M.Pd =250 ##$$a Cet 1 =300 ##$$a viii, 90 halaman. : $b Ilustrasi ; $c 24 Cm. =650 #4$$a Gizi gizi studi kasus =700 #$$a Nila Susanti, S.K.M., M.P.H =700 #$$a Dwira Rahima, S.Gz. =504 ##$$a Bibliografi : 51-53 =264 ##$$a Yogyakarta :$b Trans medika,$c 2017 =336 ##$$a teks$2 rdacontent =337 ##$$a lain-lain$2 rdamedia =338 ##$$a lain-lain$2 rdacarrier =990 ##$$a 13981398 =990 ##$$a 13981398